000
00286nam a22001217a 4500
008
180922b xxu||||| |||| 00| 0 eng d
041
_a
eng
080
_a
541
100
_a
12
101
_a
kim
245
_a
Introduction to Semimicro Qualitative Analysis
_c
Sorum, C.H
942
_2
udc
_c
BK
999
_c
48233
_d
48233